Countries Bordering Brazil by Border Length - Statistics

General Stats
  • This quiz has been taken 56 times
  • The average score is 9 of 10
Answer Stats
Length Country % Correct
3,423 km Bolivia
100%
2,995 km Peru
100%
2,200 km Venezuela
98%
1,644 km Colombia
96%
1,261 km Argentina
94%
1,365 km Paraguay
94%
1,068 km Uruguay
94%
593 km Suriname
89%
1,606 km Guyana
87%
730 km French Guiana
77%
No matching quizzes found
Score Distribution
Percent of People with Each Score
Percentile by Number Answered
Your Score History
You have not taken this quiz